000 00272nam a2200109 a 4500
005 20140513081050.0
008 020605s19uu xx 00 eng d
050 _aP 372.7
_bWhi
245 _aWhich is biggest? which is smallest.
650 _aSizes--Poster
999 _c116280
_d116280